神國面面觀 : 拆解成分, 抽取靈訓 = Shen guo mian mian guan : chai jie cheng fen, chou qu ling xun {ch} / (Record no. 52932)
[ view plain ]
| 000 -LEADER | |
|---|---|
| fixed length control field | 00686nam a22002057a 4500 |
| 005 - DATE AND TIME OF LATEST TRANSACTION | |
| control field | 20240605162441.0 |
| 008 - FIXED-LENGTH DATA ELEMENTS--GENERAL INFORMATION | |
| fixed length control field | 240605b ||||| |||| 00| 0 eng d |
| 020 ## - INTERNATIONAL STANDARD BOOK NUMBER | |
| International Standard Book Number | 9789628349418 |
| 040 ## - CATALOGING SOURCE | |
| Original cataloging agency | BSOP |
| 050 ## - LIBRARY OF CONGRESS CALL NUMBER | |
| Classification number | BT94 |
| Item number | L73 |
| 100 ## - MAIN ENTRY--PERSONAL NAME | |
| Personal name | 林來慰著 Lin, Laiwei |
| 245 ## - TITLE STATEMENT | |
| Title | 神國面面觀 : 拆解成分, 抽取靈訓 = Shen guo mian mian guan : chai jie cheng fen, chou qu ling xun {ch} / |
| Statement of responsibility, etc | 林來慰著 Laiwei Lin. |
| 250 ## - EDITION STATEMENT | |
| Edition statement | 2nd ed. |
| 260 ## - PUBLICATION, DISTRIBUTION, ETC. (IMPRINT) | |
| Place of publication, distribution, etc | 香港 : |
| Name of publisher, distributor, etc | 中國信徒佈道會, |
| Date of publication, distribution, etc | 2018. |
| 300 ## - PHYSICAL DESCRIPTION | |
| Extent | x, 211p. ; |
| Dimensions | 23cm. |
| 504 ## - BIBLIOGRAPHY, ETC. NOTE | |
| Bibliography, etc | Includes bibliographical references. |
| 546 ## - LANGUAGE NOTE | |
| Language note | Chinese |
| 650 ## - SUBJECT ADDED ENTRY--TOPICAL TERM | |
| Topical term or geographic name as entry element | Kingdom of God—Biblical teaching {ch}. |
| 942 ## - ADDED ENTRY ELEMENTS (KOHA) | |
| Source of classification or shelving scheme | Library of Congress Classification |
| Item type | Books |
| Withdrawn status | Lost status | Source of classification or shelving scheme | Damaged status | Not for loan | Home library | Current library | Shelving location | Date acquired | Inventory number | Total Checkouts | Full call number | Barcode | Date last seen | Price effective from | Koha item type |
|---|---|---|---|---|---|---|---|---|---|---|---|---|---|---|---|
| Library of Congress Classification | BSOP Library | BSOP Library | Chinese Books (General Circulation) | 06/05/2024 | C-15375 | BT94 L73 2018 | 00060740 | 06/05/2024 | 06/05/2024 | Books |
